|
|
|
|
| LEADER |
00000nab a2200000 a 4500 |
| 001 |
vtls000660189 |
| 003 |
SK-MaSNL |
| 005 |
20260302191304.0 |
| 008 |
161006c1996 xo 0 slo |
| 015 |
|
|
|a SNBRA1998/04-11504
|
| 035 |
|
|
|a CLN000012381
|
| 040 |
|
|
|a SNKBUCL
|b slo
|c SNKBUCL
|e AACR2
|
| 041 |
0 |
|
|a slo
|
| 044 |
|
|
|a xo
|c SK
|
| 080 |
|
|
|a 622-427
|2 1997
|
| 100 |
1 |
|
|a Kučma, František
|4 aut
|9 558126
|
| 245 |
1 |
0 |
|a Používanie oceľových lán pri ťažbe a ich kontrola
|c František Kučma
|
| 504 |
|
|
|a Bibliogr. odkazy
|
| 650 |
0 |
7 |
|a laná oceľové
|x baníctvo
|x používanie
|x kontrola
|2 snkbucl
|9 906629
|
| 650 |
0 |
7 |
|a baníctvo
|x laná oceľové
|2 snkbucl
|9 906630
|
| 655 |
|
7 |
|a články zo zborníkov
|2 snkbucl
|9 166140
|
| 773 |
0 |
|
|w SK01SNK19960166814
|z 8096732544
|t Výskum, výroba a použitie oceľových lán
|d Košice : Štroffek, 1996
|g S. 175-179
|
| 850 |
|
|
|a Slovenská národná knižnica v Martine
|
| 852 |
|
|
|a SNK
|b KIS3GCP
|
| 958 |
|
|
|a NB
|
| 999 |
|
|
|c 1436685
|d 1438615
|